000 00287nam a22001337a 4500
008 170307b xxu||||| |||| 00| 0 eng d
020 _a9780801679810
041 _aeng
080 _a611
100 _a6
101 _aSHM
245 _aRADIOGARPHIC ANATOMY
_cHAYES.S.G
942 _2udc
_cBK
999 _c7035
_d7035